Notitia dignitatum et administrationum omnium tam civilium quam militatium in partibus Orientis et Occidentis (Record no. 160777)

MARC details
000 -LEADER
campo de control de longitud fija 00725nam a2200169 4500
001 - NÚMERO DE CONTROL
campo de control 160777
003 - IDENTIFICADOR DE NÚMERO DE CONTROL
campo de control ES-MaACL
005 - FECHA Y HORA DE LA ÚLTIMA TRANSACCIÓN
campo de control 20230906212126.0
008 - DATOS DE LONGITUD FIJA--INFORMACIÓN GENERAL
campo de control de longitud fija 950421m18391853gw |||| | lat d
040 ## - FUENTE DE CATALOGACIÓN
Centro catalogador/agencia de origen EUS
Lengua de catalogación spa
Centro/agencia transcriptor EUS
245 00 - MENCIÓN DEL TÍTULO
Título Notitia dignitatum et administrationum omnium tam civilium quam militatium in partibus Orientis et Occidentis
Resto del título : ad codd. mss. monachiensium, romani, parisiensium ac vindobonensis editorumque fidem recensuit /
Mención de responsabilidad, etc. commentariis indiceque illustravit Eduardus Böcking.
260 ## - PUBLICACIÓN, DISTRIBUCIÓN, ETC.
Lugar de publicación, distribución, etc. Bonnae :
Nombre del editor, distribuidor, etc. impensis Adolphi Marci,
Fecha de publicación, distribución, etc. 1839-1853.
300 ## - DESCRIPCIÓN FÍSICA
Extensión 2 v. ;
Dimensiones 22 cm.
597 #1 - NOTA DE DESCRIPCIÓN FÍSICA
NOTA DE DESCRIPCIÓN FÍSICA Texto fileteado.
700 11 - ENTRADA AGREGADA--NOMBRE PERSONAL
Nombre de persona Böcking, Edward,
Término indicativo de función/relación
9 (RLIN) 126265
852 ## - LOCALIZACIÓN
Ubicación ES-MaACL
Número de control de estantería G-75-76
Nota libre -- Enc. hol.
Holdings
Estatus retirado Estado de pérdida Estado de daño No para préstamo Colección Biblioteca de origen Biblioteca actual Ubicación en estantería Fecha de adquisición Fuente de adquisición Total de préstamos Signatura topográfica completa Código de barras Visto por última vez Precio de reemplazo Tipo de ítem Koha
        Libros del s. XIX Biblioteca del Ateneo de Madrid Biblioteca del Ateneo de Madrid Depósito 17/01/2008     G-75-76 1168366 23/02/2023 23/02/2023 Libro impreso antiguo